| 000 | 01109pam a2200301 a 4500 | ||
|---|---|---|---|
| 001 | 4925305 | ||
| 005 | 20170822174924.0 | ||
| 008 | 950601s1996 moua b 001 0 eng c | ||
| 010 | _a 95023082 | ||
| 020 | _a0815178387 | ||
| 040 |
_aDNLM/DLC _cBSU _dBSU |
||
| 050 | 0 | 0 |
_aRG626 _b.S78 1996 |
| 060 | 1 | 0 | _aWQ 17 S927 1996 |
| 082 | 0 | 0 |
_a616.6 SIE _222 |
| 245 | 0 | 0 |
_aStructural fetal abnormalities : _bthe total picture / _ceditor, Roger C. Sanders ... [et al.]. |
| 260 |
_aSt. Louis : _bMosby, _cc1996. |
||
| 300 |
_ax, 284 p. : _bill. ; _c28 cm. |
||
| 504 | _aIncludes bibliographical references and index. | ||
| 650 | 0 |
_aFetus _xAbnormalities. _913326 |
|
| 650 | 0 |
_aFetus _xUltrasonic imaging. _913327 |
|
| 650 | 1 | 2 |
_aAbnormalities _xultrasonography _xatlases. _913328 |
| 650 | 1 | 2 |
_aUltrasonography, Prenatal _xatlases. _913329 |
| 658 | _aMedicine | ||
| 700 | 1 |
_aSanders, Roger C., _d1936- _913330 |
|
| 906 |
_a7 _bcbc _corignew _d1 _eocip _f19 _gy-gencatlg |
||
| 942 |
_2ddc _cBK |
||
| 999 |
_c6239 _d6239 |
||